000 00638 a2200193 4500
010 _aENG-85953
020 _a8187671866
_c150.00
035 _aEN-69486
037 _bD.B.Act / Pub
082 1 4 _aS
090 _c3864
_d3864
100 1 _aDurrell, Gerald
245 1 _aThe Ark's Anniversary
_cby Gerald Durrell
260 _aChennai
_bWestland Books
_c2007
270 _a571, Poonamallee High Road, Kamraj Bhavan, Aminjikarai
_bChennai
_e600 002
_mewb@airtelbroadband.in
300 _ax, 149 p.
_b23 cm. (Pbk.)
942 _adpl
_cEN
_kS / DUR
999 _c3786
_d3786